000 00760nam a2200241Ia 4500
001 dia_4271
003 CHAP
005 20251029162242.0
008 220117s1984 xx 000 0 und d
010 _a174919
040 _cCHAP
_amxchpua
_erda
090 _aFOLLETO 2797
100 _aRocha Arroyo, José Luis
_998172
245 _aGuía para producir frijol bajo riego en el estado de Colima /
_c José Luis Rocha Arroyo
260 _aMéxico :
_b SARH, Instituto nacional de investigaciones agrícolas,
_c1984
300 _a16 p.
500 _aD. (Folleto para productores, 7)
650 _aFrijol
_943319
901 _aFOLLETO 2797
902 _aM
905 _a0000001984 mx 0000000000spa00
942 _cFOLL
_2local
999 _c174919
_d174919